The rape of the lock (Record no. 4283)

MARC details
000 -LEADER
fixed length control field 00519cam a2200205ua 4500
001 - CONTROL NUMBER
control field 5103
005 - DATE AND TIME OF LATEST TRANSACTION
control field 20260515113832.0
008 - FIXED-LENGTH DATA ELEMENTS--GENERAL INFORMATION
fixed length control field 120303n ii |||gr||||Z||||||eng
020 ## - INTERNATIONAL STANDARD BOOK NUMBER
International Standard Book Number 0-19-560693-0
040 ## - CATALOGING SOURCE
Transcribing agency MAIN
082 ## - DEWEY DECIMAL CLASSIFICATION NUMBER
Classification number 821
100 ## - MAIN ENTRY--PERSONAL NAME
Personal name Pope, Alexander,
Relator term Author.,
245 11 - TITLE STATEMENT
Title The rape of the lock
Statement of responsibility, etc. by Alexander Pope
250 ## - EDITION STATEMENT
Edition statement 13th.
260 ## - PUBLICATION, DISTRIBUTION, ETC.
Place of publication, distribution, etc. New Delhi:
Name of publisher, distributor, etc. Oxford university press,
Date of publication, distribution, etc. 1993.
300 ## - PHYSICAL DESCRIPTION
Extent 148p:
Dimensions 15cm.
653 ## - INDEX TERM--UNCONTROLLED
Uncontrolled term English poetry
700 ## - ADDED ENTRY--PERSONAL NAME
Personal name Kaul, R. K.,
Relator term Editor.
942 ## - ADDED ENTRY ELEMENTS (KOHA)
Koha item type Books
Holdings
Withdrawn status Lost status Damaged status Not for loan Home library Current library Shelving location Date acquired Total checkouts Full call number Barcode Date last seen Copy number Price effective from Koha item type
        Naharkatiya College Library Naharkatiya College Library General stacks 09/19/2020   821 | POP 4691 09/19/2020 1 09/19/2020 Books